Reactions and reagents in organic chemistry (Record no. 23040)

MARC details
000 -LEADER
fixed length control field 00339nam a2200133Ia 4500
082 ## - DEWEY DECIMAL CLASSIFICATION NUMBER
Classification number 547
Item number AGA
100 ## - MAIN ENTRY--AUTHOR NAME
Personal name Agarwal, O P
245 #0 - TITLE STATEMENT
Title Reactions and reagents in organic chemistry
260 ## - PUBLICATION, DISTRIBUTION, ETC. (IMPRINT)
Place of publication Meerut
Name of publisher Goel
Year of publication 1974
650 ## - SUBJECT ADDED ENTRY--TOPICAL TERM
Topical Term Organic chemistry
700 ## - ADDED ENTRY--PERSONAL NAME
Personal name Sharma, O D
942 ## - ADDED ENTRY ELEMENTS (KOHA)
Koha item type Books
Holdings
Withdrawn status Lost status Damaged status Not for loan Home library Current library Date acquired Full call number Accession Number Koha item type
        RRII Library RRII Library 16/12/2021 547 AGA 03748 Books